| 000 | 00747cab a2200217 4500 | ||
|---|---|---|---|
| 001 | X2550 | ||
| 008 | 090401t1995 xxu||||| |||| 00| 0 eng d | ||
| 035 | _a(Sirsi) u24939 | ||
| 041 | _aeng | ||
| 245 | _aRe Cancol Ltd | ||
| 260 | _c1995 | ||
| 350 | _a0 | ||
| 490 |
_aNew Property Cases _v1995 NPC 156 |
||
| 520 | _aCD 4 October 1995. A company voluntary arrangement under the Insolvency Act 1986 may bind persons entitled to future or contingent debts (such as future rent under a lease). TAKEN FROM JOURNAL ARTICLE. NOTE: NO PHOTOCOPYING ALLOWED. | ||
| 650 | _aCOMPANY VOLUNTARY ARRANGEMENTS | ||
| 650 | _aINSOLVENCY ACT 1986 | ||
| 650 | _aRE CANCOL LTD | ||
| 690 | _aLANDLORD AND TENANT-CASE LAW | ||
| 942 | _n0 | ||
| 948 | _c04/03/1997 | ||
| 999 |
_c16723 _d16723 |
||